<?xml version="1.0" encoding="UTF-8"?>
<record
    xmlns:xsi="http://www.w3.org/2001/XMLSchema-instance"
    xsi:schemaLocation="http://www.loc.gov/MARC21/slim http://www.loc.gov/standards/marcxml/schema/MARC21slim.xsd"
    xmlns="http://www.loc.gov/MARC21/slim">

  <leader>     nam a22     7a 4500</leader>
  <datafield tag="999" ind1=" " ind2=" ">
    <subfield code="c">146874</subfield>
    <subfield code="d">146872</subfield>
  </datafield>
  <controlfield tag="005">20190301130331.0</controlfield>
  <controlfield tag="008">190208b        mx ||||| |||| 00| 0 spa d</controlfield>
  <datafield tag="050" ind1="0" ind2="4">
    <subfield code="a">F1232</subfield>
    <subfield code="b">C53 1976</subfield>
  </datafield>
  <datafield tag="100" ind1="1" ind2=" ">
    <subfield code="a">Ch&#xE1;vez Orozco, Luis,</subfield>
    <subfield code="d">1901-1966.</subfield>
  </datafield>
  <datafield tag="245" ind1="1" ind2="3">
    <subfield code="a">El Sitio de cuautla </subfield>
    <subfield code="c">/ Luis Ch&#xE1;vez Orozco </subfield>
  </datafield>
  <datafield tag="250" ind1=" " ind2=" ">
    <subfield code="a">1a ed. facsimilar. </subfield>
  </datafield>
  <datafield tag="260" ind1=" " ind2=" ">
    <subfield code="a">M&#xE9;xico : </subfield>
    <subfield code="b">editorial libros de M&#xE9;xico, </subfield>
    <subfield code="c">1976. </subfield>
  </datafield>
  <datafield tag="300" ind1=" " ind2=" ">
    <subfield code="a">200 p. : </subfield>
    <subfield code="b">il. ; </subfield>
    <subfield code="c">20 cm. </subfield>
  </datafield>
  <datafield tag="600" ind1="1" ind2=" ">
    <subfield code="a">Morelos, Jos&#xE9; Mar&#xED;a, </subfield>
    <subfield code="d">1765-1815.</subfield>
    <subfield code="q">Jos&#xE9; Mar&#xED;a Morelos y Pav&#xF3;n.</subfield>
  </datafield>
  <datafield tag="651" ind1=" " ind2="4">
    <subfield code="a">Cuautla, Sitio de, 1812</subfield>
    <subfield code="x">Historia </subfield>
    <subfield code="z">Estado de Morelos, M&#xE9;xico</subfield>
  </datafield>
  <datafield tag="651" ind1=" " ind2="7">
    <subfield code="2">lemb</subfield>
    <subfield code="a">M&#xE9;xico</subfield>
    <subfield code="x">Historia</subfield>
    <subfield code="y">Guerra de Independencia, 1810-1821</subfield>
  </datafield>
  <datafield tag="942" ind1=" " ind2=" ">
    <subfield code="2">lcc</subfield>
    <subfield code="c">LIB</subfield>
  </datafield>
  <datafield tag="952" ind1=" " ind2=" ">
    <subfield code="1">0</subfield>
    <subfield code="2">lcc</subfield>
    <subfield code="4">0</subfield>
    <subfield code="7">0</subfield>
    <subfield code="a">INV-033</subfield>
    <subfield code="b">INV-033</subfield>
    <subfield code="c">GENERAL</subfield>
    <subfield code="d">2019-02-08</subfield>
    <subfield code="k">CSA</subfield>
    <subfield code="o">F1232 C53 1976</subfield>
    <subfield code="p">IIH000028332</subfield>
    <subfield code="r">2019-02-08 00:00:00</subfield>
    <subfield code="t">C:1</subfield>
    <subfield code="v">0.00</subfield>
    <subfield code="y">LIB</subfield>
  </datafield>
  <datafield tag="952" ind1=" " ind2=" ">
    <subfield code="1">0</subfield>
    <subfield code="2">lcc</subfield>
    <subfield code="4">0</subfield>
    <subfield code="7">0</subfield>
    <subfield code="a">INV-033</subfield>
    <subfield code="b">INV-033</subfield>
    <subfield code="c">GENERAL</subfield>
    <subfield code="d">2019-02-08</subfield>
    <subfield code="k">CSA</subfield>
    <subfield code="o">F1232 C53 1976</subfield>
    <subfield code="p">IIH000028333</subfield>
    <subfield code="r">2019-02-08 00:00:00</subfield>
    <subfield code="t">C:2</subfield>
    <subfield code="y">LIB</subfield>
  </datafield>
</record>
